[Event "XXIX Miedzynarodowy Festiwal Szachowy CRACOVIA-2018 Grupa A"]
[Site "Krakow, Hotel Galaxy, ul. Gesia 22a"]
[Date "2018.12.30"]
[Round "5.28"]
[White "Kulkarni, Bhakti"]
[Black "Martynyuk, Elizaveta"]
[Result "1/2-1/2"]
[WhiteElo "2283"]
[BlackElo "2128"]
[PlyCount "113"]
[EventDate "2018.??.??"]

1. Nf3 Nf6 2. c4 c5 3. Nc3 Nc6 4. b3 b6 5. Bb2 Bb7 6. d4 cxd4 7. Nxd4 e6 8.
Ndb5 Qb8 9. e3 a6 10. Nd4 Nxd4 11. Qxd4 Bc5 12. Qh4 Qe5 13. O-O-O Ba3 14. Qd4
Bxb2+ 15. Kxb2 Qxd4 16. Rxd4 Bc6 17. Rg1 Ke7 18. Be2 Rhb8 19. a4 a5 20. f4 h5
21. e4 d6 22. Bf3 e5 23. Rd2 Rd8 24. Rgd1 Ng4 25. Bxg4 hxg4 26. f5 Rd7 27. g3
Rh8 28. Re2 Rdd8 29. Rdd2 Rh5 30. Kc1 Rg5 31. Rf2 Rh8 32. Kd1 Rh6 33. Ke1 Rf6
34. Nd5+ Bxd5 35. cxd5 g6 36. Rc2 gxf5 37. Rc7+ Kf8 38. Rc6 Kg7 39. Rxb6 fxe4
40. Rxf6 Kxf6 41. Rxd6+ Kf5 42. Ra6 Rh5 43. Rxa5 Rxh2 44. Rb5 e3 45. Rb4 Ra2
46. Kf1 Rf2+ 47. Ke1 Ra2 48. d6 Ke6 49. Rxg4 Kxd6 50. Re4 Kd5 51. Rxe3 Kd4 52.
Re2 Ra3 53. Rb2 Kc3 54. Re2 Kd4 55. Rb2 Kc3 56. Re2 Kd4 57. Rb2 1/2-1/2

[Event "XXIX Miedzynarodowy Festiwal Szachowy CRACOVIA-2018 Grupa A"]
[Site "Krakow, Hotel Galaxy, ul. Gesia 22a"]
[Date "2018.12.30"]
[Round "5.29"]
[White "Skawinski, Arkadiusz"]
[Black "Strybuk, Artsiom I"]
[Result "0-1"]
[WhiteElo "2419"]
[BlackElo "2172"]
[PlyCount "56"]
[EventDate "2018.??.??"]

1. e4 e5 2. Nc3 Bc5 3. f4 d6 4. Nf3 Nf6 5. Bc4 O-O 6. d3 a6 7. f5 c6 8. Bg5
Nbd7 9. Bb3 b5 10. Qe2 Qb6 11. Nh4 a5 12. a4 b4 13. Nd1 d5 14. exd5 cxd5 15.
Ne3 Bb7 16. Ng4 Nxg4 17. Qxg4 h6 18. Bd2 Bf2+ 19. Kf1 Nf6 20. Qh3 e4 21. Rd1
exd3 22. cxd3 Ne4 23. Bf4 g5 24. Ng6 fxg6 25. dxe4 Ba6+ 26. Rd3 gxf4 27. Bxd5+
Kg7 28. f6+ Kxf6 0-1

[Event "XXIX Miedzynarodowy Festiwal Szachowy CRACOVIA-2018 Grupa A"]
[Site "Krakow, Hotel Galaxy, ul. Gesia 22a"]
[Date "2018.12.30"]
[Round "5.30"]
[White "Mosesov, Danylo"]
[Black "Popiol, Michal"]
[Result "1-0"]
[WhiteElo "2343"]
[BlackElo "2169"]
[PlyCount "87"]
[EventDate "2018.??.??"]

1. d4 Nf6 2. c4 g6 3. Nc3 Bg7 4. e4 d6 5. Nf3 O-O 6. h3 e5 7. d5 a5 8. Be3 Na6
9. Be2 b6 10. g4 Nc5 11. Nd2 Ne8 12. a3 a4 13. h4 f5 14. h5 fxg4 15. hxg6 hxg6
16. Bxc5 bxc5 17. Bxg4 Nf6 18. Bf3 Bd7 19. Qe2 Kf7 20. O-O-O Rh8 21. Rxh8 Qxh8
22. Rh1 Bh6 23. Kc2 Qg7 24. Ndb1 Bf4 25. Nb5 Bxb5 26. cxb5 Rh8 27. Rxh8 Qxh8
28. Nc3 Qh3 29. Qd3 g5 30. Be2 Qh2 31. f3 g4 32. fxg4 Nxg4 33. Qf3 Qg1 34. Bd1
Ne3+ 35. Kb1 Kf6 36. Ka2 Nc4 37. Qe2 Nd2 38. Bxa4 Qd4 39. Bc2 Ke7 40. Qg4 Qc4+
41. Ka1 Qf1+ 42. Bd1 Nc4 43. Ka2 Qf2 44. Qg7+ 1-0

[Event "XXIX Miedzynarodowy Festiwal Szachowy CRACOVIA-2018 Grupa A"]
[Site "Krakow, Hotel Galaxy, ul. Gesia 22a"]
[Date "2018.12.30"]
[Round "5.38"]
[White "Rakhmangulova, Anastasiya"]
[Black "Cholleti, Sahajasri"]
[Result "1/2-1/2"]
[WhiteElo "2233"]
[BlackElo "2069"]
[PlyCount "64"]
[EventDate "2018.??.??"]

1. d4 Nf6 2. Nf3 e6 3. Bf4 d5 4. e3 c5 5. c3 Nc6 6. Nbd2 cxd4 7. exd4 Nh5 8.
Bg5 f6 9. Be3 g6 10. Nb3 Bd6 11. g4 Ng7 12. h3 Qc7 13. Bg2 Ne7 14. Qd2 Bd7 15.
O-O-O b6 16. Ng1 a5 17. Kb1 a4 18. Nc1 Nc6 19. c4 Ne7 20. cxd5 Nxd5 21. Nd3 Kf7
22. Rc1 Qb7 23. f4 Bc6 24. Ne2 Rac8 25. Rxc6 Qxc6 26. Rf1 Qc2+ 27. Qxc2 Rxc2
28. Kxc2 Nxe3+ 29. Kd2 Nxg2 30. Nc3 Rd8 31. Ke2 Bb8 32. Rf2 Nxf4+ 1/2-1/2

[Event "XXIX Miedzynarodowy Festiwal Szachowy CRACOVIA-2018 Grupa A"]
[Site "Krakow, Hotel Galaxy, ul. Gesia 22a"]
[Date "2018.12.30"]
[Round "5.39"]
[White "Milikow, Yoav"]
[Black "Sahil, Tickoo"]
[Result "1/2-1/2"]
[Annotator "Leszek"]
[PlyCount "120"]
[EventDate "2018.??.??"]

{[BlackTitle ""] [WhiteElo "2130"] [BlackElo "2224"]} 1. d4 Nf6 2. c4 e6 3. Nc3
d5 4. cxd5 exd5 5. Bg5 c6 6. e3 Be7 7. Bd3 h6 8. Bh4 Nbd7 9. Qc2 Nh5 10. Bxe7
Qxe7 11. Nge2 Nb6 12. O-O O-O 13. Rad1 Re8 14. Rfe1 Bg4 15. Bf5 Qg5 16. Bxg4
Qxg4 17. Nc1 Nf6 18. Nd3 Qf5 19. f3 Re7 20. e4 dxe4 21. Nc5 Qf4 22. fxe4 Rae8
23. Re2 Ng4 24. g3 Qg5 25. Qc1 Qxc1 26. Rxc1 Rd8 27. Rd1 h5 28. h3 Nh6 29. b3
f6 30. Red2 Nf7 31. Kg2 Kh7 32. a4 a5 33. d5 cxd5 34. Nxd5 Nxd5 35. exd5 Nd6
36. Ne6 Rc8 37. Re2 Rd7 38. Rd4 Kh6 39. g4 Rc3 40. gxh5 Kxh5 41. Rf2 f5 42. Kh2
g5 43. Rg2 Ne4 44. b4 axb4 45. Rxb4 Rxd5 46. Rxb7 Rd6 47. Rh7+ Kg6 48. Nf8+ Kf6
49. Rh6+ Ke5 50. Ng6+ Kd4 51. Ne7 Rxh6 52. Nxf5+ Ke5 53. Nxh6 Ra3 54. Ng4+ Ke6
55. Re2 Rxa4 56. Nf2 Kf5 57. Nxe4 Rxe4 58. Rxe4 Kxe4 59. Kg3 Kf5 60. Kf3 Kf6
1/2-1/2

[Event "XXIX Miedzynarodowy Festiwal Szachowy CRACOVIA-2018 Grupa A"]
[Site "Krakow, Hotel Galaxy, ul. Gesia 22a"]
[Date "2018.12.30"]
[Round "5.40"]
[White "Kaczmarska, Joanna"]
[Black "Jaskolka, Tomasz"]
[Result "1/2-1/2"]
[WhiteElo "1980"]
[BlackElo "2222"]
[Annotator "Leszek"]
[PlyCount "96"]
[EventDate "2018.??.??"]

1. e4 e6 2. d4 a6 3. c4 b5 4. cxb5 axb5 5. Bxb5 Bb7 6. Nc3 Bb4 7. f3 Qh4+ 8. g3
Qh5 9. Be2 f5 10. e5 g5 11. h4 c5 12. Bxg5 cxd4 13. f4 Qg6 14. Bh5 dxc3 15.
Bxg6+ hxg6 16. Kf2 cxb2 17. Rb1 Bxh1 18. Rxb2 Nc6 19. Nf3 Nge7 20. Nd2 Nd5 21.
Kg1 Nc3 22. Qc2 Bd5 23. Qd3 Bc5+ 24. Kh2 Ne4 25. Nxe4 fxe4 26. Qb5 Rb8 27.
Qxb8+ Nxb8 28. Rxb8+ Kf7 29. Rxh8 e3 30. Bd8 Bb4 31. Bb6 e2 32. Bf2 e1=Q 33.
Bxe1 Bxe1 34. Rh7+ Kg8 35. Rxd7 Bxa2 36. Kh3 Bc4 37. Kg4 Be2+ 38. Kg5 Bxg3 39.
Re7 Bc4 40. Kxg6 Kf8 41. Rf7+ Ke8 42. h5 Bd3+ 43. Kf6 Bxf4 44. Re7+ Kf8 45.
Rxe6 Be2 46. Rb6 Bxe5+ 47. Kxe5 Bxh5 48. Rf6+ Kg8 {Zapis nieczytelny} 1/2-1/2

[Event "XXIX Miedzynarodowy Festiwal Szachowy CRACOVIA-2018 Grupa A"]
[Site "Krakow, Hotel Galaxy, ul. Gesia 22a"]
[Date "2018.12.30"]
[Round "5.42"]
[White "Seemann, Jakub"]
[Black "Wojciechowski, Piotr"]
[Result "0-1"]
[WhiteElo "1907"]
[BlackElo "2210"]
[PlyCount "120"]
[EventDate "2018.??.??"]

1. e4 c5 2. Nf3 e6 3. d4 cxd4 4. Nxd4 Nc6 5. Nc3 Qc7 6. Be2 a6 7. O-O Nf6 8.
Be3 Bb4 9. Nxc6 dxc6 10. Qd3 O-O 11. Rad1 e5 12. f4 Be6 13. Bc1 Rad8 14. Qg3
Bxc3 15. Qxc3 Nxe4 16. Qe3 f5 17. Bd3 exf4 18. Rxf4 Kh8 19. Rdf1 Qd6 20. h4 h6
21. Qh3 Rfe8 22. b3 Qe5 23. g4 Nc3 24. gxf5 Rxd3 25. cxd3 Ne2+ 26. Kh2 Nxf4 27.
Rxf4 Qe2+ 28. Qg2 Bd5 29. Qxe2 Rxe2+ 30. Kh3 Rxa2 31. f6 Kg8 32. Be3 Re2 33.
Bd4 g5 34. hxg5 hxg5 35. Rf2 Rxf2 36. Bxf2 Kf7 37. b4 Kxf6 38. Bd4+ Kf5 39. Kg3
Bb3 40. Kf3 Bd1+ 41. Ke3 Kg4 42. Bf6 Bc2 43. Be7 Kh5 44. d4 Kg6 45. Kd2 Be4 46.
Ke3 Bd5 47. Bd8 Kf5 48. Be7 g4 49. Bd6 Bf3 50. Bb8 Ke6 51. Kd3 Kd5 52. Bg3 Be4+
53. Kc3 Bg2 54. Bb8 Bf1 55. Be5 Ke4 56. Bc7 Kf3 57. d5 cxd5 58. Kd4 Bb5 59.
Kxd5 Bc6+ 60. Kd4 g3 0-1

[Event "XXIX Miedzynarodowy Festiwal Szachowy CRACOVIA-2018 Grupa A"]
[Site "Krakow, Hotel Galaxy, ul. Gesia 22a"]
[Date "2018.12.30"]
[Round "5.43"]
[White "Bombek, Peter"]
[Black "Radovic, Stefan"]
[Result "1/2-1/2"]
[Annotator "Leszek"]
[PlyCount "60"]
[EventDate "2018.??.??"]

{[WhiteElo "2205"] [BlackElo "2019"]} 1. d4 e6 2. e4 d5 3. Nd2 dxe4 4. Nxe4 Nd7
5. Bd3 Ngf6 6. Nf3 Nxe4 7. Bxe4 Nf6 8. Bd3 c5 9. O-O cxd4 10. Nxd4 Be7 11. b3
O-O 12. Bb2 Qc7 13. Qf3 Bd7 14. Rfe1 Bc6 15. Nxc6 Qxc6 16. Qh3 h6 17. Re3 Rfd8
18. Rae1 Qc5 19. Qf3 Rd5 20. Bxf6 Bxf6 21. Qe4 Rad8 22. g3 b5 23. Rf3 Kf8 24.
Qh7 Re5 25. Re4 Rxe4 26. Qxe4 a5 27. a4 b4 28. Kg2 Qd5 29. Rf4 Qxe4+ 30. Rxe4
Rd4 1/2-1/2

[Event "XXIX Miedzynarodowy Festiwal Szachowy CRACOVIA-2018 Grupa A"]
[Site "Krakow, Hotel Galaxy, ul. Gesia 22a"]
[Date "2018.12.30"]
[Round "5.44"]
[White "Toma, Katarzyna"]
[Black "Turski, Bartlomiej"]
[Result "1-0"]
[WhiteElo "2173"]
[BlackElo "1924"]
[PlyCount "75"]
[EventDate "2018.??.??"]

1. e4 c5 2. Nc3 Nc6 3. Bb5 Nd4 4. Bc4 g6 5. Nf3 Bg7 6. Nxd4 cxd4 7. Qf3 Nh6 8.
Ne2 O-O 9. Bb3 e6 10. d3 f5 11. Qh3 Nf7 12. exf5 exf5 13. O-O b5 14. Nf4 Bb7
15. Bd2 a5 16. a3 Be5 17. Rfe1 Qf6 18. Nd5 Qd6 19. Rxe5 Qxe5 20. Re1 Qg7 21.
Nc7 a4 22. Ba2 Rac8 23. Bh6 Qf6 24. Bxf8 Rxf8 25. Ne8 Qg5 26. Nd6 Qd2 27. Rf1
h5 28. Qg3 Kg7 29. Nxf7 Re8 30. Ne5 g5 31. Nf7 g4 32. h3 f4 33. Qh4 Re1 34.
Qg5+ Kf8 35. Qh6+ Ke7 36. Qd6+ Ke8 37. Qb8+ Ke7 38. Qd8# 1-0

[Event "XXIX Miedzynarodowy Festiwal Szachowy CRACOVIA-2018 Grupa A"]
[Site "Krakow, Hotel Galaxy, ul. Gesia 22a"]
[Date "2018.12.30"]
[Round "5.46"]
[White "Bukojemski, Adam"]
[Black "Milikow, Elie"]
[Result "1/2-1/2"]
[Annotator "Leszek"]
[PlyCount "37"]
[EventDate "2018.??.??"]

{[WhiteElo "2218"] [BlackElo "2083"]} 1. Nc3 d5 2. d4 Nf6 3. Bg5 Bf5 4. f3 Bg6
5. Nh3 e6 6. Nf4 c5 7. e4 cxd4 8. Bb5+ Nc6 9. Qxd4 Be7 10. Nxg6 hxg6 11. exd5
O-O 12. Qh4 Nxd5 13. Bxe7 Ndxe7 14. Rd1 Qa5 15. O-O a6 16. Bxc6 Nxc6 17. Ne4
Rfd8 18. a4 Nd4 19. Rxd4 $11 1/2-1/2

[Event "XXIX Miedzynarodowy Festiwal Szachowy CRACOVIA-2018 Grupa A"]
[Site "Krakow, Hotel Galaxy, ul. Gesia 22a"]
[Date "2018.12.30"]
[Round "5.47"]
[White "Szczurek, Krzysztof"]
[Black "Shyam, Prasad Reddy K"]
[Result "1/2-1/2"]
[Annotator "Leszek"]
[PlyCount "115"]
[EventDate "2018.??.??"]

{[WhiteElo "2212"] [BlackElo "2030"]} 1. e4 e5 2. Nf3 Nc6 3. Bc4 Nf6 4. Ng5 d5
5. exd5 Na5 6. d3 h6 7. Nf3 Bd6 8. h3 O-O 9. O-O c6 10. dxc6 bxc6 11. Bb3 Nxb3
12. axb3 Nd5 13. Re1 Qc7 14. Nbd2 f5 15. Nc4 Re8 16. Bd2 Bb7 17. Nh4 Bc5 18.
Qh5 Rad8 19. Nxf5 Bc8 20. Be3 Nxe3 21. Nfxe3 Re7 22. Ng4 Bxg4 23. Qxg4 Rf8 24.
Re2 Rf4 25. Qg3 e4 26. Kh1 exd3 27. Qxd3 Rxe2 28. Qxe2 Rxf2 29. Qe6+ Kh8 30.
Qe8+ Rf8 31. Qe5 Qxe5 32. Nxe5 Rf2 33. c3 Bd6 34. Nc4 Bg3 35. b4 Kh7 36. Rb1
Re2 37. Na5 Re6 38. Nb3 g5 39. Nd4 Rf6 40. b5 c5 41. Nb3 c4 42. Nd2 Rf4 43. Rf1
Rxf1+ 44. Nxf1 Bf4 45. g4 h5 46. gxh5 Bc1 47. Ng3 Bxb2 48. Ne4 Kh6 49. Kg2 Kxh5
50. Kf3 Kh4 51. Ke3 Bc1+ 52. Kd4 Kxh3 53. Kxc4 g4 54. Kd5 g3 55. Nxg3 Kxg3 56.
c4 Kf4 57. c5 Be3 58. b6 1/2-1/2

[Event "XXIX Miedzynarodowy Festiwal Szachowy CRACOVIA-2018 Grupa A"]
[Site "Krakow, Hotel Galaxy, ul. Gesia 22a"]
[Date "2018.12.30"]
[Round "5.50"]
[White "Golenia, Jan"]
[Black "Jansen, Bob"]
[Result "0-1"]
[Annotator "Leszek"]
[PlyCount "71"]
[EventDate "2018.??.??"]

{[WhiteElo "2059"] [BlackElo "2192"]} 1. d4 Nf6 2. Bg5 c5 3. d5 e5 4. Nc3 d6 5.
e4 Be7 6. Nf3 Nbd7 7. h3 Nf8 8. Qd2 Ng6 9. Bd3 Bd7 10. a4 Nh5 11. Nb5 f6 12.
Be3 Nhf4 13. Bf1 Qc8 14. Ng1 a6 15. Nc3 Nf8 16. Bxf4 exf4 17. Qxf4 Ng6 18. Qe3
O-O 19. g4 b5 20. Nf3 Re8 21. Be2 Bd8 22. Nd2 f5 23. gxf5 Bxf5 24. axb5 axb5
25. Rxa8 Qxa8 26. Bxb5 Qa1+ 27. Ke2 Qxh1 28. Bxe8 Bxh3 29. Qf3 Qg1 30. Bf7+ Kh8
31. Be6 Bg5 32. Qg3 Nf4+ 33. Ke3 Nxe6+ 34. Kd3 Bf1+ 35. Nxf1 Qxf1+ 36. Ne2 0-1

[Event "XXIX Miedzynarodowy Festiwal Szachowy CRACOVIA-2018 Grupa A"]
[Site "Krakow, Hotel Galaxy, ul. Gesia 22a"]
[Date "2018.12.30"]
[Round "5.51"]
[White "Chyzy, Jakub"]
[Black "Zherebtsova, Alexandra"]
[Result "0-1"]
[WhiteElo "2045"]
[BlackElo "2186"]
[Annotator "Leszek"]
[PlyCount "119"]
[EventDate "2018.??.??"]

1. e4 e5 2. Nf3 Nc6 3. Nc3 Nf6 4. a3 d6 5. d4 Bg4 6. Bb5 Nd7 7. Bxc6 bxc6 8. d5
cxd5 9. Nxd5 Nc5 10. Ne3 Be6 11. Nd2 a5 12. O-O g6 13. b3 Bh6 14. Qe2 O-O 15.
Rd1 Bc8 16. Ng4 Bg7 17. Nc4 h5 18. Nge3 Nxe4 19. Nd5 Nc5 20. Nxa5 Rxa5 21. b4
c6 22. Ne3 e4 23. Bd2 Bxa1 24. Rxa1 Ra4 25. bxc5 d5 26. Bb4 Qf6 27. c3 Ra7 28.
Qd2 Ba6 29. Nc2 Bc4 30. Nd4 Rfa8 31. Qe3 Kg7 32. Qg3 Rd7 33. h4 Kh7 34. a4 Kg7
35. a5 Ba6 36. Re1 Kh7 37. Re3 Bb7 38. Re1 Rg8 39. Ra1 Ba6 40. Qh3 Rb7 41. Rd1
g5 42. Qf5+ Qxf5 43. Nxf5 gxh4 44. Kh2 h3 45. g3 f6 46. Nd4 Rc7 47. Kxh3 h4 48.
Kg2 hxg3 49. Rh1+ Kg6 50. Kxg3 Bc8 51. Kf4 Bd7 52. f3 exf3 53. Kxf3 Kg7 54. Re1
Kf7 55. Rh1 Rcc8 56. Ra1 Ra8 57. Rh1 Rh8 58. Rg1 Rh2 59. Rg3 Rah8 60. Ke3 {
Zapis nieczytelny} 0-1

[Event "XXIX Miedzynarodowy Festiwal Szachowy CRACOVIA-2018 Grupa A"]
[Site "Krakow, Hotel Galaxy, ul. Gesia 22a"]
[Date "2018.12.30"]
[Round "5.57"]
[White "Tomaszewski, Roman"]
[Black "Mirski, Michal"]
[Result "1-0"]
[WhiteElo "2216"]
[BlackElo "2011"]
[PlyCount "37"]
[EventDate "2018.??.??"]

1. c4 f5 2. d4 Nf6 3. g3 g6 4. Bg2 Bg7 5. Nc3 d6 6. d5 h6 7. e4 O-O 8. Nge2 c5
9. Nf4 g5 10. Ne6 Bxe6 11. dxe6 fxe4 12. h4 g4 13. Nxe4 Nc6 14. Nxf6+ Rxf6 15.
Qxg4 h5 16. Qe4 Ne5 17. O-O Kh8 18. Bg5 Rxe6 19. f4 1-0

[Event "XXIX Miedzynarodowy Festiwal Szachowy CRACOVIA-2018 Grupa A"]
[Site "Krakow, Hotel Galaxy, ul. Gesia 22a"]
[Date "2018.12.30"]
[Round "5.58"]
[White "Pasti, Aron"]
[Black "Meers, Hubert"]
[Result "1-0"]
[WhiteElo "2196"]
[BlackElo "2009"]
[Annotator "Leszek"]
[PlyCount "40"]
[EventDate "2018.??.??"]

1. e4 c5 2. Nf3 Nc6 3. Nc3 d6 4. d4 cxd4 5. Nxd4 Nf6 6. Bg5 e6 7. Qd2 Be7 8.
O-O-O a6 9. Be2 Bd7 10. f4 Nxd4 11. Qxd4 Bc6 12. e5 Nd5 13. Bxe7 Qxe7 14. Nxd5
Bxd5 15. exd6 Qxd6 16. c4 Qc7 17. Kb1 Bxg2 18. Rhg1 Bh3 19. Bd3 Rd8 20. Qxg7
Rf8 {Zapis nieczytelny} 1-0

[Event "XXIX Miedzynarodowy Festiwal Szachowy CRACOVIA-2018 Grupa A"]
[Site "Krakow, Hotel Galaxy, ul. Gesia 22a"]
[Date "2018.12.30"]
[Round "5.59"]
[White "Kucharska, Honorata"]
[Black "Musial, Tomasz"]
[Result "1/2-1/2"]
[WhiteElo "2177"]
[BlackElo "1995"]
[PlyCount "64"]
[EventDate "2018.??.??"]

1. e4 e6 2. d4 d5 3. Nd2 c5 4. exd5 Qxd5 5. dxc5 Nf6 6. Ngf3 Qxc5 7. Bd3 Be7 8.
O-O O-O 9. Qe2 Qc7 10. Ne4 Nbd7 11. Bg5 Nd5 12. Bxe7 Nxe7 13. Nfg5 h6 14. Qh5
Nd5 15. Nh3 N7f6 16. Nxf6+ Nxf6 17. Qh4 b6 18. Rae1 Qc5 19. Re3 Qh5 20. Qxh5
Nxh5 21. Be4 Rb8 22. Bf3 Nf6 23. Nf4 Bb7 24. Bxb7 Rxb7 25. Rd3 Rc8 26. c3 Kf8
27. Rfd1 Ke7 28. f3 Rd7 29. Rxd7+ Nxd7 30. Kf2 Ne5 31. Ke2 g5 32. Nd3 Nxd3
1/2-1/2

[Event "XXIX Miedzynarodowy Festiwal Szachowy CRACOVIA-2018 Grupa A"]
[Site "Krakow, Hotel Galaxy, ul. Gesia 22a"]
[Date "2018.12.30"]
[Round "5.61"]
[White "Hristodoulaki, Antonia"]
[Black "Rudzinska, Michalina"]
[Result "1-0"]
[Annotator "Leszek"]
[PlyCount "107"]
[EventDate "2018.??.??"]

{[BlackTitle "WFM"] [WhiteElo "2048"] [BlackElo "2141"]} 1. e4 c5 2. Nf3 e6 3.
d4 cxd4 4. Nxd4 a6 5. Bd3 Qc7 6. O-O Nf6 7. Nc3 d6 8. Be3 Nbd7 9. f4 b5 10. a3
Bb7 11. Qf3 h5 12. Kh1 Be7 13. Rae1 Ng4 14. Bg1 g5 15. fxg5 Nde5 16. Qf4 O-O-O
17. g6 Bh4 18. gxf7 Qe7 19. Re2 Rdf8 20. Qd2 Bg5 21. Qe1 Rxf7 22. Rxf7 Qxf7 23.
Ncxb5 axb5 24. Nxb5 Qd7 25. Qb4 Be7 26. Qa5 Nc6 27. Na7+ Kb8 28. Qa4 Qc7 29.
Bb5 Na5 30. b4 Nc4 31. Nc6+ Bxc6 32. Bxc6 Nb6 33. Qb5 Bd8 34. e5 Nxe5 35. Rxe5
dxe5 36. a4 Rf8 37. a5 Qd6 38. axb6 Rf1 39. Qxf1 Qxc6 40. Qa6 e4 41. Bd4 Qb7
42. Qxb7+ Kxb7 43. Kg1 Be7 44. Bc5 Bf6 45. Kf2 Be5 46. g3 Kc6 47. Ke3 Kd5 48.
c4+ Kxc4 49. Kxe4 Bb8 50. Be7 h4 51. Bxh4 Bd6 52. Bd8 Bxb4 53. b7 Bd6 54. Bf6
1-0

[Event "XXIX Miedzynarodowy Festiwal Szachowy CRACOVIA-2018 Grupa A"]
[Site "Krakow, Hotel Galaxy, ul. Gesia 22a"]
[Date "2018.12.30"]
[Round "5.64"]
[White "Wikar, Martyna"]
[Black "Englert, Jan"]
[Result "0-1"]
[Annotator "Leszek"]
[PlyCount "108"]
[EventDate "2018.??.??"]

{[WhiteElo "2016"] [BlackElo "2106"]} 1. e4 d6 2. d4 Nf6 3. Nc3 Nbd7 4. f4 e5
5. Nf3 exd4 6. Nxd4 g6 7. Be2 Bg7 8. O-O O-O 9. Bf3 Re8 10. Re1 a6 11. Be3 Nf8
12. Bf2 N6d7 13. Qd2 Bh6 14. Be3 Nb6 15. b3 Bg7 16. Rad1 Nbd7 17. Nd5 Nf6 18.
Nxf6+ Bxf6 19. c4 Bg7 20. Nc2 Bd7 21. e5 dxe5 22. Bxb7 Bg4 23. Qxd8 Raxd8 24.
Rxd8 Rxd8 25. fxe5 a5 26. Bd4 Ne6 27. Bd5 Bf5 28. Bc3 Bxc2 29. Bxa5 Bf8 30. b4
Rb8 31. c5 Ba4 32. a3 c6 33. Bxe6 fxe6 34. Re3 Rb7 35. Rd3 Be7 36. Kf2 Bb5 37.
Rd1 Ra7 38. Bb6 Rxa3 39. Rd7 Ra2+ 40. Kg3 Kf8 41. Bd8 Bxd8 42. Rxd8+ Kg7 43.
Rd7+ Kh6 44. Rd6 Kg5 45. Rxe6 Kf5 46. Re7 h5 47. Kf3 Ra3+ 48. Kf2 Rb3 49. h3
Rxb4 50. Kf3 Rf4+ 51. Ke3 Re4+ 52. Kf3 Rxe5 53. g4+ hxg4+ 54. hxg4+ Kf6 0-1

[Event "XXIX Miedzynarodowy Festiwal Szachowy CRACOVIA-2018 Grupa A"]
[Site "Krakow, Hotel Galaxy, ul. Gesia 22a"]
[Date "2018.12.30"]
[Round "5.66"]
[White "Kulesza, Andrzej"]
[Black "Nurkiewicz, Maciej"]
[Result "0-1"]
[WhiteElo "1934"]
[BlackElo "2359"]
[PlyCount "96"]
[EventDate "2018.??.??"]

1. e4 d5 2. exd5 Qxd5 3. Nc3 Qa5 4. d4 Nf6 5. Bc4 Bf5 6. Nge2 e6 7. O-O c6 8.
Ng3 Bg6 9. Kh1 h5 10. f3 Nbd7 11. Nge4 O-O-O 12. Qe2 Nb6 13. Be3 Nxc4 14. Qxc4
Nd5 15. Bf2 Qb4 16. Qxb4 Bxb4 17. Ne2 Ba5 18. c3 Bc7 19. Rfe1 h4 20. h3 Ne7 21.
Rad1 Nf5 22. Nd2 Rd7 23. Nf1 f6 24. Ne3 a6 25. Nxf5 Bxf5 26. Nc1 g5 27. Rd2
Rhd8 28. Rde2 b6 29. Bg1 Kb7 30. Bh2 a5 31. Bxc7 Kxc7 32. Kg1 c5 33. dxc5 bxc5
34. Kf2 a4 35. b3 a3 36. Re3 e5 37. R3e2 Kb6 38. Re3 Rd6 39. R3e2 Bc8 40. Rc2
Ba6 41. c4 Bc8 42. b4 Rd2+ 43. Rxd2 Rxd2+ 44. Re2 Rxe2+ 45. Kxe2 cxb4 46. Nb3
Bf5 47. Ke3 Bb1 48. Nc1 Bxa2 0-1

[Event "XXIX Miedzynarodowy Festiwal Szachowy CRACOVIA-2018 Grupa A"]
[Site "Krakow, Hotel Galaxy, ul. Gesia 22a"]
[Date "2018.12.30"]
[Round "5.67"]
[White "Fiedorek, Michal"]
[Black "Parol, Pola"]
[Result "1/2-1/2"]
[WhiteElo "2178"]
[BlackElo "2114"]
[PlyCount "58"]
[EventDate "2018.??.??"]

1. e4 c5 2. Nf3 d6 3. d4 cxd4 4. Nxd4 Nf6 5. Nc3 a6 6. Be2 e5 7. Nb3 Be7 8. Bg5
Be6 9. Bxf6 Bxf6 10. Qd3 Nc6 11. O-O-O Qb6 12. Qxd6 Be7 13. Nd5 Bxd5 14. Qxd5
Rd8 15. Qc4 Qxf2 16. Rdf1 Qe3+ 17. Kb1 O-O 18. Rf3 Qh6 19. Rg3 Qd6 20. Rd3 Qc7
21. Rxd8 Rxd8 22. Rf1 Bb4 23. Bh5 g6 24. Bg4 b5 25. Qe2 Na5 26. c3 Nxb3 27.
axb3 Bc5 28. Rd1 h5 29. Bf3 Rxd1+ 1/2-1/2

[Event "XXIX Miedzynarodowy Festiwal Szachowy CRACOVIA-2018 Grupa A"]
[Site "Krakow, Hotel Galaxy, ul. Gesia 22a"]
[Date "2018.12.30"]
[Round "5.68"]
[White "Den Boer, Lennard"]
[Black "Majek, Kacper"]
[Result "1-0"]
[Annotator "Leszek"]
[PlyCount "57"]
[EventDate "2018.??.??"]

{[BlackTitle "I++"] [WhiteElo "2173"] [BlackElo "2011"]} 1. e4 e5 2. Nf3 Nc6 3.
d4 exd4 4. Nxd4 Bc5 5. Nxc6 Qf6 6. Qf3 dxc6 7. Nd2 Be6 8. Be2 O-O-O 9. Nb3 Qxf3
10. gxf3 Bf8 11. Be3 b6 12. Nd4 Bd7 13. Ba6+ Kb8 14. O-O-O Be7 15. Rhg1 c5 16.
Nb5 g6 17. Bf4 Bxb5 18. Rxd8+ Bxd8 19. Bxb5 Kb7 20. Rd1 Nf6 21. Rxd8 Rxd8 22.
Bg5 Rd6 23. e5 Rd4 24. Bxf6 Rf4 25. Bd3 h6 26. Be4+ c6 27. h4 g5 28. hxg5 h5
29. e6 1-0

[Event "XXIX Miedzynarodowy Festiwal Szachowy CRACOVIA-2018 Grupa A"]
[Site "Krakow, Hotel Galaxy, ul. Gesia 22a"]
[Date "2018.12.30"]
[Round "5.53"]
[White "Malicka, Maria"]
[Black "Boino, Claudio"]
[Result "1-0"]
[Annotator "Leszek"]
[PlyCount "107"]
[EventDate "2018.??.??"]

{[WhiteElo "2013"] [BlackElo "2180"]} 1. e4 e5 2. Nf3 Nc6 3. Bb5 a6 4. Ba4 Nf6
5. d3 d6 6. c3 g6 7. O-O Bg7 8. Nbd2 O-O 9. Re1 Re8 10. h3 b5 11. Bc2 Bb7 12.
a4 b4 13. a5 Rb8 14. Ba4 Nd7 15. Nc4 Nc5 16. cxb4 Nxa4 17. Qxa4 Ba8 18. Bd2 d5
19. Na3 Na7 20. Rac1 Qd6 21. Be3 d4 22. Bd2 Nb5 23. Rc5 c6 24. Rec1 Qe6 25. Nc4
f6 26. Nb6 Bb7 27. Be1 Bf8 28. R5c2 Qd6 29. Nd2 Qxb4 30. Qxb4 Bxb4 31. Nd7 Kf7
32. Nxb8 Rxb8 33. Nb3 Bd6 34. Nc5 Bxc5 35. Rxc5 Re8 36. Bb4 Ke6 37. Kf1 Kd7 38.
Ke2 Nc7 39. g3 Ne6 40. R5c4 Ba8 41. Ba3 Rb8 42. Rb4 Bb7 43. Rb6 Kc7 44. Be7 f5
45. exf5 gxf5 46. Bf6 Kd6 47. Rcxc6+ Bxc6 48. Rxb8 Bb5 49. Rb6+ Kd5 50. Kd2 Nc5
51. Be7 e4 52. Bxc5 Kxc5 53. dxe4 fxe4 54. Rh6 1-0

[Event "XXIX Miedzynarodowy Festiwal Szachowy CRACOVIA-2018 Grupa A"]
[Site "Krakow, Hotel Galaxy, ul. Gesia 22a"]
[Date "2018.12.30"]
[Round "5.27"]
[White "Vojtek, Vladimir"]
[Black "Zaleski, Lukasz"]
[Result "0-1"]
[WhiteElo "2313"]
[BlackElo "2116"]
[PlyCount "94"]
[EventDate "2018.??.??"]

1. e4 e6 2. d4 d5 3. Nc3 Nf6 4. e5 Nfd7 5. f4 c5 6. Nf3 Nc6 7. Be3 Be7 8. Qd2
O-O 9. Be2 a6 10. O-O b5 11. Nd1 b4 12. Nf2 a5 13. c4 bxc3 14. bxc3 Ba6 15. Nd3
cxd4 16. cxd4 Rb8 17. Rac1 Bc4 18. Kh1 Ba3 19. Rb1 Qe7 20. f5 exf5 21. Bg5 Qe8
22. Nf4 Bxe2 23. Nxe2 f6 24. Rxb8 Qxb8 25. Qc3 Qb5 26. Qxa3 fxg5 27. Re1 g4 28.
Ng5 Qb4 29. Qc1 h6 30. Ne6 Rc8 31. Rd1 Ne7 32. Qe3 Qb2 33. Nc5 Nxc5 34. dxc5
Qxa2 35. Nd4 Qc4 36. Rc1 Qb4 37. c6 Qb6 38. Qc3 Rc7 39. Qc5 Qxc5 40. Rxc5 a4
41. Kg1 a3 42. e6 a2 43. Ra5 Nxc6 44. Ra8+ Kh7 45. Nb3 Rb7 46. Rxa2 Rxb3 47.
Ra6 Rc3 0-1

[Event "XXIX Miedzynarodowy Festiwal Szachowy CRACOVIA-2018 Grupa A"]
[Site "Krakow, Hotel Galaxy, ul. Gesia 22a"]
[Date "2018.12.30"]
[Round "5.54"]
[White "Trybus, Daniel"]
[Black "Brozyna, Mateusz"]
[Result "0-1"]
[WhiteElo "1916"]
[BlackElo "2173"]
[Annotator "Leszek"]
[PlyCount "76"]
[EventDate "2018.??.??"]

1. e4 e5 2. Nf3 Nc6 3. Bb5 a6 4. Ba4 Nf6 5. O-O Be7 6. Re1 b5 7. Bb3 d6 8. c3
O-O 9. d3 Nb8 10. Nbd2 Nbd7 11. Nf1 Bb7 12. Ng3 Nc5 13. Bc2 Nfd7 14. d4 Ne6 15.
Nf5 Bf6 16. d5 Nf4 17. Bxf4 exf4 18. Qd2 Be5 19. Nxe5 dxe5 20. d6 Nf6 21. Rad1
c5 22. f3 Qd7 23. Qf2 c4 24. Qc5 Qe6 25. a4 Rab8 26. Rd2 Bc8 27. Ne7+ Kh8 28.
axb5 axb5 29. Nc6 Nd7 30. Qd5 Qxd5 31. Rxd5 Rb6 32. Nxe5 Nxe5 33. Rxe5 Rxd6 34.
Rxb5 Rd2 35. Rc1 Rfd8 36. Rc5 g5 37. b4 cxb3 38. Bxb3 Kg7 {Zapis nieczytelny}
0-1